[Event "Hanoi op"]
[Site "Hanoi"]
[Date "2022.08.26"]
[Round "6"]
[White "Vo, Hoai Thuong"]
[Black "Nguyen, Nghia Gia Binh"]
[Result "1-0"]
[WhiteElo "1993"]
[BlackElo "1439"]
[PlyCount "79"]
[EventDate "2022.08.20"]
[EventType "swiss"]
[EventRounds "9"]
[EventCountry "VIE"]
[SourceTitle "CBM 209 Extra"]
[Source "ChessBase"]
[SourceDate "2022.09.30"]
[SourceVersion "1"]
[SourceVersionDate "2022.09.30"]
[SourceQuality "1"]

1. d4 d5 2. c4 e6 3. Nf3 Nf6 4. Nc3 c6 5. e3 Bd6 6. Be2 0-0 7. 0-0 Nbd7 8. b3 b6 9. Bb2 Bb7 10. Bd3 c5 11. cxd5 exd5 12. Rc1 Rc8 13. Ne2 Re8 14. Bb5 a6 15. dxc5 bxc5 16. Bxf6 gxf6 17. Bd3 Ne5 18. Nh4 Kh8 19. Bf5 Rc7 20. Nf4 Ng6 21. Qh5 Kg7 22. Bc2 Re5 23. Nf5+ Kh8 24. Qh3 Bc8 25. g4 Bb7 26. Nxd6 Qxd6 27. Bxg6 fxg6 28. Nxg6+ Kg8 29. Nxe5 fxe5 30. Qh5 Rf7 31. f4 e4 32. Qe5 Qd7 33. f5 d4 34. Qxc5 d3 35. Rf2 Rf6 36. Qc7 d2 37. Qc4+ Bd5 38. Rxd2 Rd6 39. Rxd5 Rxd5 40. Rd1 1-0

[Event "VIE-ch U11"]
[Site "Ho Chi Minh City"]
[Date "2022.07.13"]
[Round "4"]
[White "Nguyen, Nghia Gia Binh"]
[Black "Nguyen, Quang Minh2"]
[Result "1/2-1/2"]
[WhiteElo "2370"]
[BlackElo "2367"]
[PlyCount "69"]
[EventDate "2022.07.11"]
[EventType "swiss"]
[EventRounds "9"]
[EventCountry "VIE"]
[SourceTitle "EXT 2023"]
[Source "ChessBase"]
[SourceDate "2022.10.05"]
[SourceVersion "1"]
[SourceVersionDate "2022.10.05"]
[SourceQuality "1"]

1. d4 Nf6 2. c4 e6 3. Nf3 b6 4. g3 Bb4+ 5. Bd2 Qe7 6. Bg2 Bb7 7. 0-0 Bxd2 8. Nbxd2 0-0 9. Qc2 d6 10. e4 c5 11. e5 Ne8 12. dxc5 dxc5 13. Ng5 g6 14. Nde4 Nc6 15. Nf3 Rd8 16. Rad1 Nb4 17. Qe2 Rxd1 18. Rxd1 Nxa2 19. Ra1 Bxe4 20. Qxe4 Nb4 21. Rd1 Ng7 22. g4 Rd8 23. Rxd8+ Qxd8 24. h3 h6 25. Qf4 g5 26. Qe4 Nd3 27. b3 Nf4 28. h4 Ne8 29. hxg5 hxg5 30. Kh2 Kg7 31. Kg3 Nxg2 32. Kxg2 Kh6 33. Qb7 Qc7 34. Qa8 Qe7 35. Nd2 1/2-1/2

[Event "VIE-ch U11"]
[Site "Hanoi"]
[Date "2022.06.15"]
[Round "7"]
[White "Nguyen, Nghia Gia Binh"]
[Black "Nguyen, Dac Nguyen Dung"]
[Result "1-0"]
[WhiteElo "2397"]
[BlackElo "2395"]
[PlyCount "75"]
[EventDate "2022.06.11"]
[EventType "swiss"]
[EventRounds "7"]
[EventCountry "VIE"]
[SourceTitle "EXT 2023"]
[Source "ChessBase"]
[SourceDate "2022.10.05"]
[SourceVersion "1"]
[SourceVersionDate "2022.10.05"]
[SourceQuality "1"]

1. d4 Nf6 2. c4 g6 3. Nc3 d5 4. cxd5 Nxd5 5. e4 Nxc3 6. bxc3 Bg7 7. Nf3 c5 8. Be3 0-0 9. Be2 Nc6 10. 0-0 Bg4 11. d5 Bxf3 12. Bxf3 Na5 13. Qc1 Rc8 14. Bh6 b5 15. Bxg7 Kxg7 16. Rb1 a6 17. Bg4 Rc7 18. Qf4 Nc4 19. Rbd1 Qd6 20. Qc1 Qe5 21. f4 Qd6 22. e5 Qb6 23. Rfe1 f5 24. Bf3 Rd8 25. Qc2 b4 26. Qe2 Qb5 27. cxb4 cxb4 28. Rc1 Rdc8 29. h3 Qc5+ 30. Qf2 Qxf2+ 31. Kxf2 Nd2 32. Rxc7 Rxc7 33. Ke3 Rc2 34. Kd3 Rxa2 35. Re2 b3 36. Rxd2 a5 37. Kc3 Ra3 38. d6 1-0

[Event "Eastern Asia-ch U10"]
[Site "Tornelo INT"]
[Date "2021.10.30"]
[Round "5"]
[White "Mahmoudi, Mohammad Pouria"]
[Black "Nguyen, Nghia Gia Binh"]
[Result "0-1"]
[WhiteElo "1269"]
[BlackElo "1376"]
[PlyCount "88"]
[EventDate "2021.10.29"]
[EventType "swiss"]
[EventRounds "9"]
[EventCountry "NET"]
[SourceTitle "EXT 2023"]
[Source "ChessBase"]
[SourceDate "2022.10.05"]
[SourceVersion "1"]
[SourceVersionDate "2022.10.05"]
[SourceQuality "1"]

1. e4 e6 2. d4 d5 3. Nc3 Nf6 4. Bd3 Be7 5. Nf3 c5 6. exd5 exd5 7. dxc5 Bxc5 8. 0-0 0-0 9. Bg5 Be6 10. Re1 h6 11. Bh4 Nbd7 12. h3 a6 13. Bf1 b5 14. Nd4 Qb6 15. Nb3 Bd6 16. Nd4 Rae8 17. Bxf6 Nxf6 18. Nb3 Re7 19. Qd4 Qc7 20. Bd3 Rfe8 21. Bf1 b4 22. Na4 Ne4 23. Bd3 a5 24. Bxe4 dxe4 25. Nbc5 Bf5 26. Qd5 Re5 27. Qb7 Rxc5 28. Nxc5 Qxc5 29. Rad1 Bg3 30. Re3 Qxc2 31. Rf1 Bf4 32. Qb5 Re5 33. Qe2 Qc5 34. Rd1 Bxe3 35. fxe3 Rd5 36. Rf1 Rd3 37. g4 Be6 38. Re1 Qe5 39. Kg2 a4 40. Qc2 b3 41. axb3 axb3 42. Qf2 Qd6 43. Re2 Rd1 44. g5 hxg5 0-1

[Event "Eastern Asia-ch U10"]
[Site "Tornelo INT"]
[Date "2021.10.29"]
[Round "2"]
[White "Nguyen, Nghia Gia Binh"]
[Black "Harikrishna, C."]
[Result "1-0"]
[WhiteElo "1376"]
[BlackElo "1059"]
[PlyCount "95"]
[EventDate "2021.10.29"]
[EventType "swiss"]
[EventRounds "9"]
[EventCountry "NET"]
[SourceTitle "EXT 2023"]
[Source "ChessBase"]
[SourceDate "2022.10.05"]
[SourceVersion "1"]
[SourceVersionDate "2022.10.05"]
[SourceQuality "1"]

1. e4 c5 2. c3 Nc6 3. d4 cxd4 4. cxd4 d5 5. e5 Bf5 6. Nf3 e6 7. Bd3 Bb4+ 8. Nc3 Bxd3 9. Qxd3 Nge7 10. 0-0 Nf5 11. a3 Bxc3 12. bxc3 Rc8 13. a4 0-0 14. Ba3 Re8 15. Rfb1 Na5 16. Nd2 Qc7 17. Rb5 Nc4 18. Nxc4 dxc4 19. Qe4 b6 20. h3 Ne7 21. Bxe7 Rxe7 22. Rab1 h6 23. R1b2 Rd7 24. Qb1 Rb8 25. a5 Rdd8 26. axb6 axb6 27. Rxb6 Rxb6 28. Rxb6 Ra8 29. Kh2 Ra1 30. Rb8+ Qxb8 31. Qxb8+ Kh7 32. Qc7 Ra4 33. Qxf7 Ra3 34. Qxe6 Rxc3 35. Qf5+ Kg8 36. e6 Rb3 37. Qf7+ Kh7 38. e7 Rb8 39. e8Q Rxe8 40. Qxe8 c3 41. Qc6 c2 42. Qxc2+ Kg8 43. d5 Kf8 44. Qe4 g6 45. d6 h5 46. Qe7+ Kg8 47. d7 h4 48. d8R# 1-0

[Event "Wch FIDE Online U10 Asia qual"]
[Site "Tornelo INT"]
[Date "2020.12.12"]
[Round "4"]
[White "Nguyen, Nghia Gia Binh"]
[Black "Akhil, Prasad Sri"]
[Result "1-0"]
[WhiteElo "1387"]
[BlackElo "1019"]
[PlyCount "111"]
[EventDate "2020.12.11"]
[EventType "swiss (rapid)"]
[EventRounds "7"]
[EventCountry "ISS"]
[SourceTitle "EXT 2022"]
[Source "ChessBase"]
[SourceDate "2021.10.06"]
[SourceVersion "1"]
[SourceVersionDate "2021.10.06"]
[SourceQuality "1"]

1. d4 Nf6 2. c4 g6 3. Nc3 Bg7 4. e4 d6 5. Nf3 0-0 6. Bd3 e5 7. d5 Nbd7 8. h3 Ne8 9. 0-0 f5 10. Bg5 Nef6 11. exf5 gxf5 12. Bxf5 h6 13. Bh4 Qe8 14. Bc2 Qh5 15. b4 e4 16. Nxe4 Nxe4 17. Bxe4 Bxa1 18. Qxa1 Rxf3 19. Bxf3 Qxh4 20. Be2 Qf6 21. Qc1 Ne5 22. f4 Ng6 23. Qe3 Bd7 24. Bd3 Re8 25. Qg3 Bf5 26. Bxf5 Qxf5 27. Kh2 Re4 28. Kh1 Kh7 29. Qd3 Nxf4 30. Qf3 Qe5 31. Qf2 Qd4 32. Qc2 Qxc4 33. Qb1 Qe2 34. Rxf4 Qe1+ 35. Qxe1 Rxe1+ 36. Kh2 Kg6 37. Rc4 Rb1 38. a3 Ra1 39. Rxc7 Rxa3 40. Rxb7 Kf5 41. Re7 Ra4 42. Re6 Rxb4 43. Rxd6 Ke5 44. Rxh6 Kxd5 45. Ra6 Rb7 46. h4 Kc5 47. h5 Kb5 48. Ra1 Rh7 49. g4 a5 50. Kg3 a4 51. Kh4 Kb4 52. g5 a3 53. g6 Rg7 54. Kg5 Kb3 55. h6 Kb2 56. hxg7 1-0

[Event "VIE-chT"]
[Site "Bac Giang"]
[Date "2020.06.10"]
[Round "8.19"]
[White "Nguyen, Nghia Gia Binh"]
[Black "Nguyen, Tri Thien"]
[Result "0-1"]
[WhiteElo "1387"]
[BlackElo "1809"]
[PlyCount "88"]
[EventDate "2020.06.06"]
[EventType "swiss"]
[EventRounds "9"]
[EventCountry "VIE"]
[SourceTitle "CBM 197 Extra"]
[Source "ChessBase"]
[SourceDate "2020.09.30"]
[SourceVersion "1"]
[SourceVersionDate "2020.09.30"]
[SourceQuality "1"]

1. d4 d5 2. c4 c6 3. Nf3 Nf6 4. Qc2 e6 5. e3 Be7 6. Bd3 0-0 7. 0-0 Nbd7 8. Nc3 Re8 9. Rd1 Nf8 10. Ne5 Ng6 11. f4 Bd6 12. b3 Bd7 13. c5 Bc7 14. Bd2 Rf8 15. Be1 Bxe5 16. fxe5 Ng4 17. Qe2 Qg5 18. Bd2 f5 19. g3 Qe7 20. h3 Nh6 21. Qg2 Be8 22. Ne2 Nh8 23. Rf1 N8f7 24. Nf4 Ng5 25. h4 Ne4 26. Bxe4 dxe4 27. b4 Ng4 28. Qe2 h6 29. Qc4 Bf7 30. h5 Qg5 31. Kg2 Rfe8 32. Rh1 Rad8 33. Rh3 Nxe5 34. Qe2 Nf3 35. Bc3 Qg4 36. Rf1 Rd7 37. b5 Red8 38. Rf2 e5 39. dxe5 Rd1 40. Rf1 R1d2 41. Bxd2 Rxd2 42. Qxd2 Nxd2 43. Rh4 Nxf1 44. Rxg4 Nxe3+ 0-1

[Event "VIE-chT"]
[Site "Bac Giang"]
[Date "2020.06.08"]
[Round "4.21"]
[White "Le, Thi Nhu Quynh"]
[Black "Nguyen, Nghia Gia Binh"]
[Result "1-0"]
[WhiteElo "1768"]
[BlackElo "1387"]
[PlyCount "115"]
[EventDate "2020.06.06"]
[EventType "swiss"]
[EventRounds "9"]
[EventCountry "VIE"]
[SourceTitle "CBM 197 Extra"]
[Source "ChessBase"]
[SourceDate "2020.09.30"]
[SourceVersion "1"]
[SourceVersionDate "2020.09.30"]
[SourceQuality "1"]

1. e4 e6 2. d4 d5 3. exd5 exd5 4. Nf3 Bd6 5. Bd3 Ne7 6. 0-0 0-0 7. c4 c6 8. h3 Bf5 9. Nc3 dxc4 10. Bxc4 Na6 11. a3 h6 12. b4 Nc7 13. Bb2 Ncd5 14. Re1 Rc8 15. Ne5 Kh8 16. Qf3 f6 17. Nd3 Bb8 18. Ne4 Qc7 19. Ng3 Bh7 20. Nc5 Nf4 21. Ne6 Nxe6 22. Bxe6 Rcd8 23. Rac1 Qf4 24. Qb3 Nd5 25. b5 Rfe8 26. bxc6 bxc6 27. Rxc6 Bg8 28. Bc1 Qxd4 29. Nf5 Rxe6 30. Rcxe6 Qc5 31. Qb7 Nc7 32. Rd6 Rf8 33. Qf3 Re8 34. Rxe8 Nxe8 35. Rd1 Qe5 36. g3 Bh7 37. Ne3 Bc7 38. Ng4 Qe7 39. Qe3 Qf7 40. Qxa7 h5 41. Ne3 h4 42. Nd5 hxg3 43. fxg3 Qg6 44. Qf2 Qh5 45. Re1 Qxd5 46. Rxe8+ Bg8 47. Kh2 Bd6 48. Qe2 Qf5 49. a4 Be5 50. Rd8 g6 51. Qd2 g5 52. Qe2 Kg7 53. Ba3 Be6 54. Qg2 Kg6 55. Bd6 Bd5 56. Qxd5 Qf2+ 57. Qg2 Qd4 58. Bc7 1-0

[Event "Wch U08 rapid"]
[Site "Minsk"]
[Date "2019.08.16"]
[Round "4"]
[White "Nguyen, Nghia Gia Binh"]
[Black "Baranov, Alexey1"]
[Result "1-0"]
[WhiteElo "1350"]
[BlackElo "1244"]
[PlyCount "109"]
[EventDate "2019.08.16"]
[EventType "swiss (rapid)"]
[EventRounds "9"]
[EventCountry "BLR"]
[SourceTitle "EXT 2020"]
[Source "ChessBase"]
[SourceDate "2019.10.17"]
[SourceVersion "1"]
[SourceVersionDate "2019.10.17"]
[SourceQuality "1"]

1. d4 d5 2. c4 dxc4 3. e3 Nf6 4. Bxc4 Nc6 5. Nf3 e6 6. 0-0 Na5 7. Qa4+ Nc6 8. Ne5 Qd6 9. b3 Bd7 10. Ba3 Nxe5 11. Bxd6 Bxa4 12. Bxf8 Rxf8 13. dxe5 Bxb3 14. axb3 Nd7 15. Nc3 c6 16. b4 Nxe5 17. Be2 a6 18. b5 cxb5 19. Nxb5 Rd8 20. Nc7+ Ke7 21. Rab1 Rd2 22. Rfe1 Rb8 23. Nxa6 Rc8 24. Rxb7+ Kf6 25. h3 Rcc2 26. f4 Rxe2 27. fxe5+ Kg6 28. Rxe2 Rxe2 29. Rb3 Ra2 30. Nc5 Ra5 31. Nd3 Rd5 32. Nf4+ Kf5 33. Nxd5 Kxe5 34. Nf4 Ke4 35. g4 Ke5 36. Nh5 g6 37. Rb5+ Ke4 38. Nf6+ Kxe3 39. Nxh7 f5 40. gxf5 exf5 41. Kg2 Ke4 42. Kg3 Kd4 43. h4 Kc4 44. Rxf5 gxf5 45. Ng5 Kd5 46. Kf4 Kd6 47. Kxf5 Ke7 48. h5 Kf8 49. Kg6 Kg8 50. h6 Kh8 51. Nf7+ Kg8 52. h7+ Kf8 53. h8Q+ Ke7 54. Qd8+ Ke6 55. Qd6# 1-0